Proceedings of the Stock Identification Workshop : November 5-7, 1985, Panama City Beach, Florida /

Bibliographic Details
Corporate Authors: Stock Identification Workshop Panama City Beach, Fla., United States. National Marine Fisheries Service, Southeast Fisheries Center (U.S.). Miami Laboratory
Other Authors: Kumpf, Herman E.
Format: Government Document Conference Proceeding Book
Language:English
Published: [Miami, Fla.?] : National Marine Fisheries Service, Southeast Fisheries Center, [1987]
Series:NOAA technical memorandum NMFS-SEFC ; 199.
Subjects:

MARC

Tag First Indicator Second Indicator Subfields
LEADER 00000cam a2200000Ia 4500
001 in00002092003
005 20151102150134.0
008 880630s1987 flua b f100 0 eng d
035 |a (OCoLC)ocm18156515 
040 |a FQR  |c FQR  |d AGL  |d OCL  |d OCLCQ  |d TXA  |d UtOrBLW 
049 |a TXAM 
070 0 |a SH329.F57S8  |b 1985 
072 0 |a M210 
086 |a C 55.13/2:NMFS-SEFC-199 
090 |a QL618.3  |b .S86 1985 
111 2 |a Stock Identification Workshop  |d (1985 :  |c Panama City Beach, Fla.) 
245 1 0 |a Proceedings of the Stock Identification Workshop :  |b November 5-7, 1985, Panama City Beach, Florida /  |c Herman E. Kumpf, editor-in-chief. 
264 1 |a [Miami, Fla.?] :  |b National Marine Fisheries Service, Southeast Fisheries Center,  |c [1987] 
300 |a V, 228 pages :  |b illustrations ;  |c 28 cm. 
336 |a text  |b txt  |2 rdacontent 
337 |a unmediated  |b n  |2 rdamedia 
338 |a volume  |b nc  |2 rdacarrier 
490 1 |a NOAA technical memorandum NMFS SEFC ;  |v 199 
500 |a "July 1987." 
504 |a Includes bibliographical references. 
650 0 |a Fish stocking  |v Congresses. 
650 0 |a Fish stock identification  |v Congresses. 
650 0 |a Fishery management  |v Congresses. 
700 1 |a Kumpf, Herman E. 
710 1 |a United States.  |b National Marine Fisheries Service. 
710 2 |a Southeast Fisheries Center (U.S.).  |b Miami Laboratory. 
830 0 |a NOAA technical memorandum NMFS-SEFC ;  |v 199. 
994 |a C0  |b TXA 
999 |a MARS 
999 f f |s c3962afd-9497-303d-bb7c-6794e314e2d2  |i dba6c0c0-254e-38bc-ab18-92de77f5b35f  |t 0 
952 f f |p normal  |a Texas A&M University  |b College Station  |c Sterling C. Evans Library  |d Evans: US Documents (Annex 5th floor)  |t 0  |e C 55.13/2:NMFS-SEFC-199  |h Superintendent of Documents classification  |i unmediated -- volume  |m A14832406954 
998 f f |a C 55.13/2:NMFS-SEFC-199  |t 0  |l Evans: US Documents (Annex 5th floor)